000 00633nam a2200193 a 4500
005 20240920064003.0
008 991125s1978 ea 000 0 eng u
020 _a0080222455
035 _aUPN01000001099
049 _aCG
050 4 _aLC5209
_bI6.3 1976
111 2 _aInternational Conference on Adult Education and Development
_d(1976 :
_cDares Salaam, Tanzania)
245 1 0 _aAdult learning :
_ba design for action : a comprehensive international survey /
_ced. B. L. Hall.
260 _aLondon :
_bPergamon,
_c1978.
300 _a337 p.
650 4 _aEducación de adultos
_9956
700 1 _aHall, B. L.,
_eed.
905 _aLibro
999 _c1099
_d1099